| 000 | 00643nam a22002177a 4500 | ||
|---|---|---|---|
| 001 | 15978 | ||
| 003 | OSt | ||
| 005 | 20251128113506.0 | ||
| 008 | 251128b |||||||| |||| 00| 0 eng d | ||
| 020 | _a9789834718312 | ||
| 040 |
_aKPTM _cKPTM _dMILA_lin |
||
| 050 |
_aHD38.5 _b.N336 2016 |
||
| 100 |
_aNazry Yahya _d1887 |
||
| 245 |
_aFundamentals of operational logistics / _cNazry Yahya. |
||
| 260 |
_aMalaysia; _bOxford Fajar, _c2016 |
||
| 300 |
_axii, 316 pages : _b illustrations ; _c 26 cm. |
||
| 500 | _aIncludes index. | ||
| 650 | _aBusiness logistics--Management | ||
| 650 | _aBusiness logistics--Environmental aspects | ||
| 942 |
_2lcc _cBK |
||
| 999 |
_c2595 _d2595 |
||